|
|
|
|
| LEADER |
02447nam a2200337 a 4500 |
| 001 |
GR-MES17360 |
| 008 |
160204s gr 000 0 gre d |
| 020 |
|
|
|a 9604550462
|
| 040 |
|
|
|a GrPaTEI
|b gre
|c GR-PaULI
|
| 040 |
|
|
|a GrPaTEI
|b gre
|c GR-PaULI
|
| 082 |
|
0 |
|a 371.334
|2 22 ed
|
| 100 |
1 |
|
|a Σολομωνίδου, Χριστίνα
|
| 245 |
1 |
0 |
|a Νέες τάσεις στην εκπαιδευτική τεχνολογία :
|b επικοδομητισμος και σύγχρονα περιβάλλοντα μάθησης /
|c Χριστίνα Σολομωνίδου.
|
| 260 |
|
|
|a Αθήνα :
|b Μεταίχμιο,
|c 2006
|
| 300 |
|
|
|a xii,279σ.
|
| 490 |
0 |
|
|a Επιστήμες της αγωγής:εκπαιδευτική τεχνολογία
|
| 500 |
|
|
|a συστημα εύδοξος 27840 27998 27999
|
| 504 |
|
|
|a βιβλιογραφία: σ.255-279
|
| 610 |
|
4 |
|a Σύστημα ΕΥΔΟΞΟΣ
|
| 650 |
|
4 |
|a Εκπαίδευση
|x επεξεργασία δεδομένων
|
| 650 |
|
4 |
|a Εκπαιδευτική τεχνολογία
|
| 710 |
0 |
|
|a Μεταίχμιο
|
| 942 |
|
|
|2 ddc
|
| 952 |
|
|
|0 0
|1 0
|2 ddc
|4 0
|6 371_334000000000000_ΣΟΛ
|7 0
|9 275446
|a LISK-2
|b LISK-2
|c EUD
|d 2021-01-17
|e 24
|f 0
|g 0.00
|l 0
|o 371.334 ΣΟΛ
|p 99243000009909
|r 2021-01-17 00:00:00
|t 1
|w 2021-01-17
|y BK15
|x GrPaTEI - Antirrio
|
| 952 |
|
|
|0 0
|1 0
|2 ddc
|4 0
|6 371_334000000000000_ΣΟΛ
|7 0
|9 275447
|a LISK-2
|b LISK-2
|c EUD
|d 2021-01-17
|e 24
|f 0
|g 0.00
|l 0
|o 371.334 ΣΟΛ
|p 99243000009910
|r 2021-01-17 00:00:00
|t 1
|w 2021-01-17
|y BK15
|x GrPaTEI - Antirrio
|
| 952 |
|
|
|0 0
|1 0
|2 ddc
|4 0
|6 371_334000000000000_ΣΟΛ
|7 0
|9 275448
|a MSLG
|b MSLG
|c EUD
|d 2021-01-17
|e 24
|f 1
|g 0.00
|i 27840
|l 0
|o 371.334 ΣΟΛ
|p 2420000027840
|r 2021-01-17 00:00:00
|t 1
|w 2021-01-17
|y BK15
|x 20160204 0 Κ.Γ. 1
|x GrPaTEI
|
| 952 |
|
|
|0 0
|1 0
|2 ddc
|4 0
|6 371_334000000000000_ΣΟΛ
|7 0
|9 275449
|a MSLG
|b MSLG
|c EUD
|d 2021-01-17
|e 24
|f 1
|g 0.00
|i 27998
|l 0
|o 371.334 ΣΟΛ
|p 2420000027998
|r 2021-01-17 00:00:00
|t 2
|w 2021-01-17
|y BK15
|x 20160315 0 Κ.Γ. 1
|x GrPaTEI
|
| 952 |
|
|
|0 0
|1 0
|2 ddc
|4 0
|6 371_334000000000000_ΣΟΛ
|7 0
|9 275450
|a MSLG
|b MSLG
|c EUD
|d 2021-01-17
|e 24
|f 2
|g 0.00
|i 27999
|l 0
|o 371.334 ΣΟΛ
|p 2420000027999
|r 2021-01-17 00:00:00
|t 3
|w 2021-01-17
|y BK15
|x 20160315 0 Κ.Γ. 1
|x GrPaTEI
|
| 952 |
|
|
|0 0
|1 0
|2 ddc
|4 0
|6 371_334000000000000_ΣΟΛ
|7 0
|9 275451
|a MSLG
|b MSLG
|c EUD
|d 2021-01-17
|e 24
|f 0
|g 0.00
|i 28849
|l 0
|o 371.334 ΣΟΛ
|p 99242000028849
|r 2021-01-17 00:00:00
|t 4
|w 2021-01-17
|y BK15
|x GrPaTEI
|
| 971 |
|
|
|a .b25834095
|b 01-10-20
|c 13-09-16
|
| 999 |
|
|
|c 159630
|d 159630
|